000 00868nam a2200289Ia 4500
005 20260324120145.0
008 008 260324s9999 xx 000 0 eng d
020 _a9780429225956
037 _aEBOOK
040 _aCRL
040 _beng
040 _cCRL
041 _2eng
041 _aeng
084 _qCRL
100 _aHans-Dieter Beushausen; Frank Dehn; Pilate Moyo; Mark G Alexander
_91157465
245 0 _aConcrete Repair, Rehabilitation and Retrofitting IV
245 0 _bProceedings of the 4th International Conference on Concrete Repair, Rehabilitation and Retrofitting (ICCRRR-4), 5-7 October 2015, Leipzig, Germany
260 _bTaylor and Francis
260 _c2015
365 _a
365 _b560
856 _uhttp://www.taylorfrancis.com/books/9780429225956
942 _cEBOOK
999 _c1748829
_d1748829